Plants that belong to legume family (Fabaceae) - sudden death - Statistics

General Stats
  • This quiz has been taken 75 times
    67 since last reset
  • The average score is 8 of 16
Answers on the Grid
Answers color-coded by a green-red scale on the quiz's grid according to % correct below.
Soybean
White clover
Almond
Peanut
Acacia
Magnolia
Walnut
Honey locust (Gleditsia)
Alfalfa
Chickpea
Carrot
Pea
Common marigold
Lima bean
Castor bean
Hornbeam
Black locust
Silver maple
Spinach
Common bean
Lettuce
Fava bean
Pagoda tree
Vanilla
Red clover
Black-eyed pea
Mimosa
Potato
 
Answer Stats
Answer % Correct
Soybean
93%
Pea
82%
Lima bean
79%
Chickpea
71%
White clover
57%
Peanut
54%
Black-eyed pea
50%
Common bean
43%
Fava bean
43%
Alfalfa
39%
Acacia
36%
Honey locust (Gleditsia)
32%
Red clover
29%
Black locust
25%
Mimosa
21%
Pagoda tree
11%
No matching quizzes found
Score Distribution
Percent of People with Each Score
Percentile by Number Answered
Your Score History
You have not taken this quiz since the last reset